Vincenzo Montella's Fiorentina - Statistics

General Stats
  • This quiz has been taken 5 times
  • The average score is 38 of 103
Answer Stats
Rank Player Position Nationality Matches Goals Assists % Correct
12 Josip Ilicic Attacking Midfield 65 16 8
100%
5 Juan Cuadrado Right Midfield 106 26 21
100%
16 Mario Gómez Centre-Forward 47 14 6
100%
30 Mohamed Salah Right Winger 26 9 4
100%
4 Stefan Savic Centre-Back 108 4 3
100%
6 Alberto Aquilani Central Midfield 105 15 11
80%
1 Borja Valero Central Midfield 130 11 28
80%
33 Federico Chiesa Right Winger 23 3 6
80%
36 Germán Pezzella Centre-Back 20 1 0
80%
2 Gonzalo Rodríguez Centre-Back 129 20 6
80%
11 Joaquín Right Winger 71 7 13
80%
7 Matías Fernández Attacking Midfield 104 6 22
80%
9 Nenad Tomović Centre-Back 101 1 4
80%
10 Neto Goalkeeper 97 0 0
80%
27 Nikola Milenković Centre-Back 27 4 0
80%
20 Stevan Jovetić Second Striker 34 13 5
80%
22 Adem Ljajić Attacking Midfield 32 12 7
60%
49 Alberto Gilardino Centre-Forward 14 4 2
60%
39 Ciprian Tătărușanu Goalkeeper 18 0 0
60%
66 Cristiano Biraghi Left-Back 7 0 0
60%
3 David Pizarro Central Midfield 110 4 11
60%
41 Erick Pulgar Defensive Midfield 18 3 2
60%
15 Facundo Roncaglia Centre-Back 51 3 0
60%
56 Federico Bernardeschi Right Winger 10 3 2
60%
31 Giuseppe Rossi Centre-Forward 25 17 5
60%
13 Juan Manuel Vargas Left-Back 60 10 1
60%
50 Kevin-Prince Boateng Attacking Midfield 13 1 0
60%
26 Luca Toni Centre-Forward 28 8 4
60%
8 Manuel Pasqual Left-Back 101 7 17
60%
17 Marcos Alonso Left-Back 44 2 3
60%
37 Micah Richards Right-Back 19 0 1
60%
93 Pietro Terracciano Goalkeeper 1 0 0
60%
60 Alban Lafont Goalkeeper 8 0 0
40%
96 Cristiano Lupatelli Goalkeeper 1 0 0
40%
38 Dušan Vlahović Centre-Forward 19 5 1
40%
72 Edimilson Fernandes Defensive Midfield 6 0 0
40%
52 Franck Ribéry Left Winger 11 2 2
40%
24 Jasmin Kurtic Central Midfield 28 1 4
40%
65 Jordan Veretout Central Midfield 7 0 0
40%
25 Khouma Babacar Centre-Forward 28 9 2
40%
76 Luca Ranieri Centre-Back 5 0 0
40%
61 Luis Muriel Centre-Forward 8 1 0
40%
55 Marko Bakic Central Midfield 10 0 0
40%
48 Martín Cáceres Centre-Back 14 1 0
40%
29 Marvin Compper Centre-Back 26 1 0
40%
88 Matija Nastasić Centre-Back 2 0 0
40%
14 Milan Badelj Defensive Midfield 54 2 4
40%
51 Modibo Diakité Centre-Back 11 0 0
40%
45 Pol Lirola Right-Back 16 0 0
40%
59 Rachid Ghezzal Right Winger 9 0 1
40%
46 Rafal Wolski Attacking Midfield 16 1 2
40%
53 Riccardo Sottil Left Winger 11 0 1
40%
19 Ryder Matos Second Striker 35 3 2
40%
82 Aleandro Rosi Right-Back 4 0 0
20%
90 Aleksa Terzic Left-Back 2 0 0
20%
35 Alessandro Matri Centre-Forward 21 5 1
20%
63 Anderson Central Midfield 8 0 0
20%
80 Antonio Rosati Goalkeeper 4 0 0
20%
40 Bartlomiej Dragowski Goalkeeper 18 0 0
20%
69 Bryan Dabo Central Midfield 7 0 0
20%
99 Christian Nørgaard Defensive Midfield 1 0 0
20%
74 Cristian Llama Attacking Midfield 6 0 0
20%
44 Dalbert Left-Back 17 0 5
20%
21 Emiliano Viviano Goalkeeper 32 0 0
20%
97 Francesco Della Rocca Central Midfield 1 0 0
20%
64 Gerson Central Midfield 8 0 0
20%
28 Giulio Migliaccio Central Midfield 27 1 0
20%
58 Haris Seferovic Centre-Forward 9 1 0
20%
18 José María Basanta Centre-Back 37 4 0
20%
89 Joshua Brillante Defensive Midfield 2 0 0
20%
70 Marcelo Larrondo Centre-Forward 7 2 0
20%
42 Marco Benassi Central Midfield 18 2 0
20%
23 Massimo Ambrosini Central Midfield 30 1 3
20%
71 Matías Vecino Central Midfield 7 0 1
20%
54 Mattia Cassani Right-Back 10 0 1
20%
78 Mohamed Sissoko Defensive Midfield 5 0 0
20%
34 Mounir El Hamdaoui Centre-Forward 23 4 1
20%
75 Oleksandr Yakovenko Left Winger 6 0 1
20%
85 Pedro Centre-Forward 4 0 0
20%
77 Rubén Olivera Central Midfield 5 0 0
20%
92 Szymon Żurkowski Central Midfield 2 0 0
20%
103 Tòfol Montiel Right Winger 1 0 2
20%
91 Valentin Eysseric Attacking Midfield 2 0 0
20%
87 Vincent Laurini Right-Back 2 0 0
20%
81 Vitor Hugo Centre-Back 4 0 0
20%
84 Ahmed Hegazy Centre-Back 4 1 0
0%
47 Alessandro Diamanti Attacking Midfield 15 2 0
0%
57 Andrea Lazzari Central Midfield 9 0 1
0%
79 Ante Rebić Left Winger 5 2 0
0%
95 Dávid Hancko Centre-Back 1 0 0
0%
62 Federico Ceccherini Centre-Back 8 0 0
0%
43 Gaetano Castrovilli Central Midfield 17 3 2
0%
73 Giovanni Simeone Centre-Forward 6 0 0
0%
86 Gustavo Munúa Goalkeeper 2 0 0
0%
67 Kevin Mirallas Right Winger 7 0 0
0%
98 Leonardo Capezzi Central Midfield 1 0 0
0%
68 Lorenzo Venuti Right-Back 7 0 1
0%
83 Marko Marin Attacking Midfield 4 2 0
0%
102 Nicky Beloko Central Midfield 1 0 0
0%
101 Ricardo Bagadur Centre-Back 1 0 0
0%
32 Rômulo Central Midfield 24 2 2
0%
94 Sebastián Cristóforo Central Midfield 1 0 0
0%
100 Simone Minelli Left Winger 1 0 1
0%
No matching quizzes found
Score Distribution
Percent of People with Each Score
Percentile by Number Answered
Your Score History
You have not taken this quiz